000 00789nam a2200193 a 4500
008 120416s1977 ||||||||||||||||| || u
020 _a0333195221
050 _aTS 155 Rad
100 _aRichardson, D. B. (Donald Brian)
245 1 4 _aThe management of manufacturing systems
260 _aLondon
_bMacmillan
_c1977
300 _avii, 224p. : ill.
350 _a0.00
650 _aPRODUCTION
650 0 _aPRODUCTION MANAGEMENT
700 _aRadford, J. D. (John Dennis)
995 _aMAIN LIBRARY OPEN ACCESS
_D0.00
_e015894
_FCBU-MAIN LIBRARY (Kitwe)
_H1
_I7.50
_jTS 155 Rad
_M2
_UWEEDED
_y015894
_ZMain Library Open Access Collection
995 _aMAIN LIBRARY OPEN ACCESS
_D0.00
_e708702
_FCBU-MAIN LIBRARY (Kitwe)
_H2
_I7.50
_jTS 155 Rad
_M1
_UWEEDED
_y015893
_ZMain Library Open Access Collection
999 _c82461
_d82461